|
|
|
|
| LEADER |
02465nam a2200505 i 4500 |
| 001 |
nkc20243628848 |
| 003 |
CZ PrNK |
| 005 |
20241104115744.0 |
| 007 |
ta |
| 008 |
240906s2024 xr a b 000 j cze |
| 015 |
|
|
|a cnb003628848
|
| 020 |
|
|
|a 978-80-00-07400-9
|q (vázáno) :
|c Kč 399,00
|
| 035 |
|
|
|a (OCoLC)1468021506
|
| 040 |
|
|
|a ABG001
|b cze
|e rda
|
| 041 |
1 |
|
|a cze
|h eng
|
| 072 |
|
7 |
|a 821.111-3
|x Anglická próza, anglicky psaná
|2 Konspekt
|9 25
|
| 072 |
|
7 |
|a 821-93
|x Literatura pro děti a mládež (beletrie)
|2 Konspekt
|9 26
|
| 080 |
|
|
|a 821.111-34
|2 MRF
|
| 080 |
|
|
|a 821-93
|2 MRF
|
| 080 |
|
|
|a (0:82-34)
|2 MRF
|
| 100 |
1 |
|
|a Rowling, J. K.,
|d 1965-
|7 jo20000071115
|4 aut
|
| 240 |
1 |
0 |
|a Christmas pig.
|l Česky
|7 aun20211132068
|
| 245 |
1 |
0 |
|a Vánoční prasátko /
|c J.K. Rowlingová ; ilustroval Jim Field ; přeložil Petr Eliáš
|
| 250 |
|
|
|a 2. vydání
|
| 264 |
|
1 |
|a V Praze :
|b Albatros,
|c 2024
|
| 300 |
|
|
|a 298 stran :
|b ilustrace ;
|c 21 cm
|
| 336 |
|
|
|a text
|b txt
|2 rdacontent
|
| 337 |
|
|
|a bez média
|b n
|2 rdamedia
|
| 338 |
|
|
|a svazek
|b nc
|2 rdacarrier
|
| 500 |
|
|
|a Přeloženo z angličtiny
|
| 520 |
2 |
|
|a Kuba si za poslední rok prožil mnoho dramatických chvil. Když už to vypadá, že bude konečně prožívat klidný vánoční čas, přijde o nejlepšího přítele - plyšové prasátko.
|b Kuba a jeho plyšové prasátko Pašík se od sebe nehnou ani na krok - to se ale změní jednoho Štědrého večera, kdy Kuba o Pašíka přijde. Je zoufalý a potřeboval by zázrak, aby svoji milovanou hračku našel. A protože jsou Vánoce, takový zázrak se skutečně stane. Vánoční prasátko, náhrada za nezvěstného Pašíka, zničehonic ožije a vymyslí odvážný plán: vydají se s chlapcem do kouzelné Země Ztracených a Pašíka najdou, ať se jim do cesty postaví cokoli. Nakladatelská anotace.
|
| 521 |
8 |
|
|a Pro čtenáře od 7 let
|
| 655 |
|
7 |
|a anglické pohádky
|7 fd131809
|2 czenas
|
| 655 |
|
7 |
|a publikace pro děti
|7 fd133156
|2 czenas
|
| 655 |
|
9 |
|a English fairy tales
|2 eczenas
|
| 655 |
|
9 |
|a children's literature
|2 eczenas
|
| 700 |
1 |
|
|a Field, Jim,
|d 1980-
|7 jo2014803563
|4 ill
|
| 700 |
1 |
|
|a Eliáš, Petr,
|d 1986-
|7 xx0079819
|4 trl
|
| 910 |
2 |
|
|a BOA001
|b 2-1531.859
|
| 920 |
|
|
|a 5010539
|z ABG001
|
| 928 |
9 |
|
|a Albatros Media - Albatros
|
| 990 |
|
|
|a BK
|
| 995 |
|
|
|a 01
|
| 991 |
|
|
|b 202410
|c NOV
|
| 996 |
6 |
|
|b 2610981499
|c 2-1531.859
|l MZK
|r Sklad / do 1 hodiny
|n 0
|p p.v.
|w 001978874
|u 000010
|a 1
|e BOA001
|j MZK50
|s P
|